|
|
|
|
| LEADER |
00000nab a2200000 a 4500 |
| 001 |
vtls008888870 |
| 003 |
SK-MaSNL |
| 005 |
20260304144911.0 |
| 008 |
250505c2006 xo |||||||||||000 b|slo |
| 015 |
|
|
|a SNBRB2006/12
|2 snkbucl
|
| 035 |
|
|
|a (uuid)489cdcb4-db42-4d81-9838-1f68f3eb2a2a
|
| 035 |
|
|
|a urn:nbn:sk:snk-abyx2
|
| 035 |
|
|
|a (urnnbn)urn:nbn:sk:snk:ar-a03ta3
|
| 038 |
|
|
|a SNKBUCL
|
| 040 |
|
|
|a SNKBUCL
|b slo
|c SNKBUCL
|e AACR2
|
| 041 |
0 |
|
|a slo
|
| 044 |
|
|
|a xo
|c SK
|
| 080 |
|
|
|a 614.31
|2 1997
|
| 080 |
|
|
|a 664.95
|2 1997
|
| 080 |
|
|
|a 613.28
|2 1997
|
| 245 |
0 |
0 |
|a Aké prekvapenie nás môže čakať pri otvorení rybacej konzervy?!
|c M. Kantíková ... [et al.]
|
| 300 |
|
|
|b Obr.
|
| 650 |
0 |
7 |
|a rybacie konzervy
|2 snkbucl
|9 1466863
|
| 650 |
0 |
7 |
|a kontrola potravín
|2 snkbucl
|9 19238
|
| 650 |
0 |
7 |
|a Saduria entomon
|2 snkbucl
|9 1466864
|
| 700 |
1 |
|
|a Kantíková, Mária
|4 aut
|9 12680
|
| 700 |
1 |
|
|a Škuntová, O.
|4 aut
|9 805937
|
| 700 |
1 |
|
|a Vankúšová, M.
|4 aut
|9 813546
|
| 700 |
1 |
|
|a Březinová, Nicole
|4 aut
|9 113156
|
| 773 |
0 |
|
|t Slovenský veterinársky časopis = Slovak veterinary journal
|g Roč. XXXI, č. 4 (2006), s. 220-221
|x 1335-0099
|
| 850 |
|
|
|a Slovenská národná knižnica
|
| 852 |
|
|
|a Slovenská národná knižnica
|
| 954 |
|
|
|a odborná, vedecká literatúra pôvodná (slovenská)
|2 lita
|
| 958 |
|
|
|a article27
|
| 958 |
|
|
|a MI
|
| 958 |
|
|
|a OND
|
| 958 |
|
|
|a EUIPO
|
| 999 |
|
|
|c 2933836
|d 2935766
|